000 00264nam a2200109Ia 4500
008 220204s9999 xx 000 0 und d
082 _a82-3MB
_bCAR
100 _aCarter, Rosemary
245 0 _aSweet impostor
260 _aLondon
_bMills and Boon
_c1979
942 _cBK
999 _c32419
_d32419